| 000 | 00493nam a2200181Ia 4500 | ||
|---|---|---|---|
| 008 | 230524s9999 xx 000 0 und d | ||
| 020 | _a9788131725979 | ||
| 082 |
_a658.166 _bLOV |
||
| 100 | _aChristopher Lovelock | ||
| 245 | 0 | _a"Services Marketing: People, Technology , Strategy" | |
| 250 | _a6TH | ||
| 260 |
_aNEW DELHI _bPearson _c2010 |
||
| 300 | _aXIV;631 | ||
| 500 | _aQuantity Number: 7 | ||
| 650 | _aManagement | ||
| 700 | _a" Jochen Wirtz,Jayanta Chatterjee,,," | ||
| 942 | _cBK | ||
| 999 |
_c45046 _d45046 |
||